000
00418nam a2200133Ia 4500
008
151001s9999||||xx |||||||||||||| ||und||
100
_a
बहादूर राय
245
_a
वीर शिरोमणी महाराणा प्रतापसिंह
250
_a
2
260
_b
राजस्थानी ग्रंथागार
260
_c
2001
300
_a
53
365
_b
21
999
_c
978016
_d
978013